• 首页
  • 本馆介绍
  • 公告通知
  • 最新文献
  • 馆藏检索
  • 电子资源
  • 读者导购
  • 参考咨询
  • 我的图书馆
  • 登录
  • 详细信息显示
  • 放入我的书架
  • 预约/预借图书
  • 作者相关作品
  • 分类相关作品
  • 丛书相关作品
  • 出版社相关作品

书目信息

  • 表格格式
  • 工作单格式
  • 卡片格式
题名:
电力企业现代管理
    
 
作者: 彭安福 主编
分册:  
出版信息: 北京   中国水利水电出版社  2006.08
页数: 264页
开本: 26cm
丛书名:
单 册:
中图分类: F407.616
科图分类:
主题词: 电力工业--工业经济
电子资源:
ISBN: 978-7-5084-3953-2
000 00593nam0 2200205 450
001 0830933325
005 20090216093152.44
010    @a978-7-5084-3953-2@dCNY32.00
100    @a20081226d2006 km y0chiy0120 ea
101 0  @achi
102    @aCN@b110000
200 1  @a电力企业现代管理@Adian li qi ye xian dai guan li@f彭安福主编@Fpeng an fu zhu bian
205    @a3版
210    @a北京@c中国水利水电出版社@d2006.08
215    @a264页@d26cm
606 0  @a电力工业@x工业经济
690    @aF407.616@v4
701  0 @a彭安福@Apeng an fu@4主编
801  0 @aCN@bNISOFT@c20090216
905    @aBZT@dF407.616@e2
    
    电力企业现代管理/彭安福主编.-3版.-北京:中国水利水电出版社,2006.08
    264页;26cm
    
    
    ISBN 978-7-5084-3953-2:CNY32.00
    
●
相关链接 在五车中查询图书 在当当中查询图书 在豆瓣中查询图书


正题名:电力企业现代管理     索取号:F407.616/2         预约/预借

序号 登录号 条形码 馆藏地/架位号 状态 备注
1 694292   2000694292   样本书库/样002架B面3层1列/ [索取号:F407.616/2] 在馆    
2 694293   2000694293   中心书库北库/ 北库017架A面5列1层12/ [索取号:F407.616/2] 在馆    
3 694294   2000694294   中心书库北库/ 北库017架A面5列1层13/ [索取号:F407.616/2] 在馆    
4 694295   2000694295   中心书库北库/ 北库017架A面5列1层14/ [索取号:F407.616/2] 在馆    
5 694296   2000694296   中心书库北库/ 北库017架A面5列1层56/ [索取号:F407.616/2] 在馆    
山东省滨州职业学院图书馆 欢迎您!
大连网信软件有限公司© 版权所有